| 000 | 00510nam a2200169Ia 4500 | ||
|---|---|---|---|
| 999 |
_c11964 _d11964 |
||
| 003 | OSt | ||
| 005 | 20201116102242.0 | ||
| 008 | 190216s9999||||xx |||||||||||||| ||und|| | ||
| 040 | _coclc | ||
| 082 |
_a420.9 _bJES/G |
||
| 100 |
_aJespersen, Otto _96570 |
||
| 245 | 0 |
_aGrowth And Structure Of The English Langauge / _cOtto Jespersen |
|
| 260 |
_bOxford University Press, _c1990. _aNew delhi: |
||
| 300 | _a244p | ||
| 650 | _aEnglish Story | ||
| 942 |
_cBK _2ddc _h420.9 _iJES/G _k420.9 _mJES/G |
||